00773nam a2200253 a 4500001001300000003000900013005001700022008004100039020002300080082002000103100002000123245003800143260005100181300000900232500003500241505001000276650002400286650002600310700002000336902000800356942000700364952013300371999001500504nice12345678IN_TiNIC20260116013130.0050524s1985 pena grp 000 0 eng  a0812261 c40500a305.420973bJOR aJordan, Rosan A aWomen`s Folklore, Women`s Culture aPennsylvaniabUniversity of Pennsylvaniac1985 a245p aincludes index and biblioraphy2 aNotes aWomen-United States aFolk Literative Women1 aJordan, Rosan A bSRS cBK 001040708StackRoom-aHMIbHMId2007-03-26g405.00l1o305.420973 JORp018937r2017-09-15s2017-09-14v405.00w2005-05-24yBK c9791d9791